| 000 | 00346 a2200133 4500 | ||
|---|---|---|---|
| 020 | _a9788496284579 | ||
| 041 | _aspa | ||
| 100 | _aRodriguez de Corral, Jose Luis | ||
| 245 | _aLa colera de Atila / Jose Luis Rodriguez del Corral | ||
| 260 | _aBarcelona : Roca, 2005. | ||
| 300 |
_a302 p. ; _c23 cm. |
||
| 440 | _aHistorica (Roca) | ||
| 942 | _cBK | ||
| 999 |
_c8797 _d8797 |
||